2012 Olympic Medals - Statistics

General Stats
  • This quiz has been taken 2,268 times
  • The average score is 23 of 35
Answer Stats
Position Gold Silver Bronze Total Country % Correct
1 46 29 29 104 USA
100%
2 38 27 23 88 China
98%
3 29 17 19 65 Great Britain
98%
4 24 26 32 82 Russia
96%
7 11 11 12 34 France
94%
6 11 19 14 44 Germany
93%
11 7 14 17 38 Japan
92%
10 7 16 12 35 Australia
90%
21 3 10 4 17 Spain
89%
8 8 9 11 28 Italy
88%
22 3 5 9 17 Brazil
87%
5 13 8 7 28 South Korea
84%
13 6 6 8 20 Netherlands
74%
30 2 2 6 10 Poland
74%
15 6 2 5 13 New Zealand
72%
18 4 4 4 12 Jamaica
69%
23 3 2 1 6 South Africa
69%
35 2 1 1 4 Norway
68%
14 6 5 9 20 Ukraine
67%
28 2 4 5 11 Kenya
64%
9 8 4 5 17 Hungary
60%
33 2 2 0 4 Switzerland
56%
29 2 4 3 9 Denmark
54%
27 2 5 2 9 Romania
54%
24 3 1 3 7 Ethiopia
53%
32 2 2 1 5 Turkey
53%
16 5 3 6 14 Cuba
50%
26 2 5 5 12 Belarus
47%
19 4 3 3 10 Czech Republic
46%
20 4 0 2 6 North Korea
43%
25 3 1 2 6 Croatia
41%
17 4 5 3 12 Iran
39%
12 7 1 5 13 Kazakhstan
36%
34 2 1 2 5 Lithuania
22%
30 2 2 6 10 Azerbaijan
15%
No matching quizzes found
Score Distribution
Percent of People with Each Score
Percentile by Number Answered
Your Score History
You have not taken this quiz